| 000 | 00826cam a2200241 a 4500 | ||
|---|---|---|---|
| 001 | 2630893 | ||
| 005 | 20180314051312.0 | ||
| 008 | 990511s2000 nyua bf 001 0 eng | ||
| 010 | _a 99030131 | ||
| 020 | _a0471321850 (cloth : alk. paper) | ||
| 040 |
_aDLC _cDLC _dDLC |
||
| 041 | _aeng | ||
| 080 | _a547.0078 MAY | ||
| 082 | 0 | 0 |
_a547.0078 MAY _221 |
| 100 | 1 | _a12 | |
| 101 | _aKIM | ||
| 245 | 1 | 0 |
_aMicroscale organic laboratory : _cDana W. Mayo, Ronald M. Pike, Peter K. Trumper. |
| 504 | _aIncludes bibliographical references and index. | ||
| 906 |
_a7 _bcbc _corignew _d1 _eocip _f19 _gy-gencatlg |
||
| 942 |
_2ddc _cBK |
||
| 999 |
_c44976 _d44976 |
||